Anuario estadístico de pesca 2008
محفوظ في:
| مؤلف مشترك: | |
|---|---|
| التنسيق: | كتاب |
| اللغة: | الإسبانية |
| منشور في: |
Santiago
Sernapesca
2008
|
| الموضوعات: | |
| الوسوم: |
إضافة وسم
لا توجد وسوم, كن أول من يضع وسما على هذه التسجيلة!
|
MARC
| LEADER | 00000nam a2200000 a 4500 | ||
|---|---|---|---|
| 001 | UCH9710 | ||
| 003 | CL-VaPUC | ||
| 008 | 100121e20080000CL |||||||||||||||||spa|d | ||
| 082 | 0 | 4 | |a 639.2983 |b SER |2 21 |
| 110 | 2 | |a Servicio Nacional de Pesca |e author |9 546984 | |
| 245 | 1 | 0 | |a Anuario estadístico de pesca 2008 |
| 300 | |a 58 p | ||
| 942 | |c BK | ||
| 945 | |d 20100121 00:00:00 |a rbrito | ||
| 260 | |a Santiago |b Sernapesca |c 2008 | ||
| 500 | |a Incluye CD | ||
| 650 | 7 | |a PESCA COMERCIAL |2 CL-VaPUC |9 546985 | |
| 650 | 7 | |a PESCA INDUSTRIAL |2 CL-VaPUC |9 451814 | |
| 650 | 0 | |a Estadística |9 259535 | |
| 651 | 7 | |a CHILE |2 CL-VaPUC |9 546986 | |
| 583 | |a last modification |c 20100121 00:00:00 |k Rodrigo Vera | ||
| 999 | |c 339626 |d 339624 | ||